000 00386nam a2200133Ia 4500
008 151001s9999||||xx |||||||||||||| ||und||
100 _aउषादेवी विजय कोल्हाटकर
245 _aखेळ भावनांचा
250 _a1
260 _bअनुबंध प्रकाशन
260 _c1992
300 _a144
365 _b21
999 _c969542
_d969539